00465nam a2200193 a 4500001001300000003000900013005001700022008004100039020002100080082001300101100002000114245001800134260002500152300000800177500003500185505000600220650002500226700002000251nice12345678IN_TiNIC20260116013305.0050802s1995 dela grp 000 0 eng  a8172142919 c000a291bBAB aBaba, Das Jivan aEternal Truth aDelhi bISPCK c1995 a68p aincludes index and biblioraphy2 a7 aComparative Religion1 aBaba, Das Jivan